Psychology: The Brain The Person The World. (Record no. 6456)

MARC details
000 -LEADER
fixed length control field 00492nam a22001817a 4500
003 - CONTROL NUMBER IDENTIFIER
control field OSt
005 - DATE AND TIME OF LATEST TRANSACTION
control field 20200122131548.0
008 - FIXED-LENGTH DATA ELEMENTS--GENERAL INFORMATION
fixed length control field 200122b ||||| |||| 00| 0 eng d
020 ## - INTERNATIONAL STANDARD BOOK NUMBER
International Standard Book Number 0205376096
040 ## - CATALOGING SOURCE
Transcribing agency DDC.
082 ## - DEWEY DECIMAL CLASSIFICATION NUMBER
Classification number 150 KOS 2004.
100 ## - MAIN ENTRY--PERSONAL NAME
Personal name Kosslyn,M.Stephen;RosenBerg,S.Robin;
9 (RLIN) 13278
245 ## - TITLE STATEMENT
Title Psychology: The Brain The Person The World.
300 ## - PHYSICAL DESCRIPTION
Extent xxxii,718p;
504 ## - BIBLIOGRAPHY, ETC. NOTE
Bibliography, etc includes references, Glossary and index.
650 ## - SUBJECT ADDED ENTRY--TOPICAL TERM
Source of heading or term Physchology.
942 ## - ADDED ENTRY ELEMENTS (KOHA)
Source of classification or shelving scheme Dewey Decimal Classification
Koha item type Open Shelf
Holdings
Withdrawn status Lost status Source of classification or shelving scheme Damaged status Not for loan Home library Current library Date acquired Source of acquisition Inventory number Total Checkouts Full call number Barcode Date last seen Price effective from Koha item type
    Dewey Decimal Classification     MUST Main Library MUST Main Library 22/01/2020 Donation 05/23196   150 KOS 2004. 2020-0080 22/01/2020 22/01/2020 Open Shelf